Emerging Dimension Of Housing Finance in India / (Record no. 193855)

MARC details
000 -LEADER
fixed length control field 00624nam a22001817a 4500
005 - DATE AND TIME OF LATEST TRANSACTION
control field 20230317124554.0
010 ## - LCCN (DPL NO)
LC control number ENG-135731
020 ## - INTERNATIONAL STANDARD BOOK NUMBER
International Standard Book Number 9788192157986
Terms of availability 250.00
035 ## - SYSTEM CONTROL NUMBER
System control number EN-119263
037 ## - SOURCE OF ACQUISITION
Source of stock number/acquisition DBAD/PUB
082 ## - DEWEY DECIMAL CLASSIFICATION NUMBER
Classification number 363.5820954
100 ## - MAIN ENTRY--PERSONAL NAME
Personal name Srinivas, Chandra
245 ## - TITLE STATEMENT
Title Emerging Dimension Of Housing Finance in India /
Statement of responsibility, etc by Chandra Srinivas
260 ## - PUBLICATION, DISTRIBUTION, ETC. (IMPRINT)
Place of publication, distribution, etc Hyderabad
Name of publisher, distributor, etc Paramount Publishing House
Date of publication, distribution, etc 2012
270 ## - ADDRESS
Address 3-5-1107, 1st Floor, Opp. Police Qutrs, Narayanguda
City Hyderabad
Postal code 500029
Electronic mail address paramoutnpublishers@gmail.com
300 ## - PHYSICAL DESCRIPTION
Extent 206p.
Dimensions 24cm(pbk)
942 ## - ADDED ENTRY ELEMENTS (KOHA)
Source of classification or shelving scheme Dewey Decimal Classification
Item type English Books
Call number suffix SRI
Classification part 363.5820954
Holdings
Withdrawn status Lost status Not for loan Collection code Home library Current library Date acquired Source of acquisition Cost, normal purchase price Full call number Barcode Copy number Cost, replacement price Koha item type
      Non-fiction Katevara Katevara 18/11/2022 DBAD/PUB 250.00 363.5820954 SRI EN-119263 1 250.00 English Books

© Delhi Public Library
Hit Counter
free hit counter